Gerner, Kristian, 1942-. The Baltic states and the end of the Soviet empire. - London [u.a.] : Routledge. - 1993 [Rezension]
| Titel: | Gerner, Kristian, 1942-. The Baltic states and the end of the Soviet empire. - London [u.a.] : Routledge. - 1993 [Rezension] |
|---|---|
| Verfasser: | |
| In: |
Zeitschrift für Ostmitteleuropa-Forschung, Band 46 (1997), Seite 621 alle Artikel anzeigen |
| Veröffentlicht: | 1997 |
| Format: | Aufsatz |
| Sprache: | Deutsch |
X
alg: 39474723
001A $01999:12-11-16
001B $01999:03-08-21 $t21:01:09.000
001D $01999:12-11-16
001U $0utf8
001X $00
002@ $0Aox
003@ $0394747232
007A $0394747232 $aHEB
007T $0Herd69717
010@ $ager
011@ $a1997
021A $aGerner, Kristian, 1942-. The @Baltic states and the end of the Soviet empire. - London {[u.a.] : Routledge. - 1993 [Rezension]
028A $#Meyer, Klaus $#Meyer, Klaus E. $7119209527 $8Meyer, Klaus$Z1928-2007 [Tp1] $9087549506
031A $d46 $h621 $j1997
039B $aIn $8--Abvc--. Zeitschrift für Ostmitteleuropa-Forschung. - Marburg, L. : Verl. Herder-Inst., 1995-. - ISSN 0948-8294 $x199700000460000379 $9048659398
039T $8--Aauc--Gerner, Kristian$Z1942- [Tp1]. The @Baltic states and the end of the Soviet empire. - London {[u.a.] : Routledge, 1993. - X,211 S.. - ISBN 0-415-07570-X $9031415237
045F $a900.9479 $eDDC23BSB
045F/01 $a900
045F/03 $g479
045F/03 $g4798
045F/03 $g4793
045T $a7,41
045T $aOST $qDE-12 $2FID
lok: 39474723 78
exp: 39474723 78 1 #EPN
201B/01 $018-11-16 $t12:36:07.000
201U/01 $0utf8
203@/01 $0791045846
208@/01 $a12-11-16 $be
209A/01 $a/ $f000 $x00
220C/01 $aTitelaufnehmer: pk
244Z/01 $2Trx $#Baltijos šalys $#kraje bałtyckie $#Baltikum $8--Trx--Baltische Länder $x01 $9391352903
244Z/01 $2Trx $#Estija $#Igaunija $#Estland $#Estonia $#Estonia $#Estónsko $#Estonsko $8--Trx--Eesti $x02 $9391237225
244Z/01 $2Trx $#Litauen $#Lithuania $#Litwa $#Litva $#Litva $8--Trx--Lietuva $x03 $9391193457
244Z/01 $2Trx $#Latvija $#Lettland $#Łotwa $#Lotyšsko $8--Trx--Latvija $x04 $9391275879
244Z/01 $2Trx $#arvustused $#recenzijos $#Reviews $#recenziók $#recenzje $#recenzie $#recenze $8--Trx--Rezensionen $x05 $9391357441
247C/01 $82080>Marburg/Lahn, Herder-Institut, Forschungsbibliothek, Bibliographieportal $9336309341
| LEADER | 00000caa a22000002c 4500 | ||
|---|---|---|---|
| 001 | 394747232 | ||
| 003 | DE-603 | ||
| 005 | 20210803210109.0 | ||
| 007 | tu | ||
| 008 | 161112s1997 xx |||| | u00||u|ger c | ||
| 035 | |a (DE-599)HEB394747232 | ||
| 040 | |a DE-603 |b ger |c DE-603 |d DE-603 | ||
| 041 | |a ger | ||
| 082 | 0 | 4 | |8 1\u |a 900.9479 |q DE-101 |2 23/BSB |
| 084 | |a 7,41 |2 ssgn | ||
| 084 | |a OST |q DE-12 |2 fid | ||
| 085 | |8 1\u |b 900 | ||
| 085 | |8 1\u |z 2 |s 479 | ||
| 085 | |8 1\u |z 2 |s 4798 | ||
| 085 | |8 1\u |z 2 |s 4793 | ||
| 100 | 1 | |a Meyer, Klaus |d 1928-2007 |0 (DE-603)087549506 |0 (DE-588)119209527 |2 gnd | |
| 245 | 0 | 0 | |a Gerner, Kristian, 1942-. The Baltic states and the end of the Soviet empire. - London [u.a.] : Routledge. - 1993 [Rezension] |
| 264 | 0 | |c 1997 | |
| 773 | 0 | 8 | |i In |t Zeitschrift für Ostmitteleuropa-Forschung |d Marburg, L. : Verl. Herder-Inst., 1995- |h 24 cm |x 0948-8294 |g Band 46 (1997), Seite 621 |w (DE-603)048659398 |w (DE-600)1230819-5 |
| 787 | 0 | 8 | |i Rezension von |a Gerner, Kristian, 1942- |t The Baltic states and the end of the Soviet empire |d London [u.a.] : Routledge, 1993 |h X,211 S. |z 041507570X |w (DE-603)031415237 |
| 924 | 0 | |9 2080 |a (DE-603)791045846 |b DE-2080 |c HES |d d |g / | |


